Les plus grandes villes d'Allemagne en 1910 - Statistiques

Statistiques générales
  • Ce quiz a été pris 188 fois
  • Le résultat moyen est 10 sur 20
Statistiques - réponses
Population en 1910 Ville Population actuelle % Correct
2,071,257 Berlin 3,460,725
99%
596,467 Munich 1,353,186
98%
931,035 Hambourg 1,786,448
92%
414,576 Francfort-sur-le-Main 679,664
88%
516,527 Cologne 1,007,119
80%
286,218 Stuttgart 606,588
70%
358,728 Düsseldorf 588,735
69%
217,437 Brême 547,340
67%
589,850 Leipzig 522,883
67%
333,142 Nuremberg 505,664
61%
548,308 Dresde 523,058
60%
302,375 Hanovre 522,686
57%
294,653 Essen 574,635
36%
229,438 Duisbourg 489,599
19%
279,629 Magdebourg 232,306
19%
245,994 Königsberg (Kaliningrad) 431,402
11%
512,105 Wrocław 635,759
10%
287,807 Chemnitz 243,521
8%
236,113 Szczecin 407,811
6%
305,978 Charlottenbourg Fusion avec n°1
4%
Aucun quiz correspondant
Distribution des résultats
% des personnes avec chaque résultat
Percentile par nombre de réponses
Votre historique - résultats
Vous n’avez pas pris ce quiz